Babyshambles Songs A-Z - Statistics

General Stats
  • This quiz has been taken 6 times
  • The average score is 9 of 19
Answer Stats
Hint Answer % Correct
A Albion | A'rebours | A Day Out in Brighton
100%
F Fall from Grace | Fireman | Farmer's Daughter | Fuck Forever | French Dog Blues
83%
B Beg Steal or Borrow | Baddie's Boogie | Back From the Dead | the Blinding | Babyshambles | Black Boy Lane | Bundles
67%
K Killamangiro
67%
L Loyalty Song | Love You But You're Green | La Belle et la Bête | Lost Art of Murder
67%
P Picture Me in A Hospital | Penguins | Pipedown | Pentonville
67%
D Delivery | Dr. No | Deft Left Hand | Do You Know Me
50%
E East of Eden | 8 Dead Boys
50%
M Maybelline | Minefield | the Man Who Came to Stay | Monkey Casino | Merry Go Round
50%
N Nothing Comes to Nothing | New Pair
50%
W What Katy Did Next | Why Did You Break My Heart
50%
Y You Talk
50%
C Cukoo | Carry on up the Morning | Crumb Begging Baghead | Clementine
33%
I I Wish | In Love with A Feeling
33%
U Up in the Morning | UnBiloTitled | Untookie Titled
33%
G Gang of Gin
17%
S Sequel to the Prequel | Seven Shades | Sedative | Sticks and Stones | Side of the Road | Stone Me | Stranger in My Own Skin
17%
T Torn | There She Goes | 32nd of December
17%
V the Very Last Boy Alive
0%
No matching quizzes found
Score Distribution
Percent of People with Each Score
Percentile by Number Answered
Your Score History
You have not taken this quiz